000 00337nam a2200145Ia 4500
005 20250508072011.0
008 240331s9999 xx 000 0 und d
082 _bTHA
_a891
100 _aThamaraichelvi,
245 0 _aVerlvith thee
260 _aJaffna
_bMeera Veliyeedu
_c1994
300 _a31 p .,
650 _aKuru Novel
942 _cL
999 _c4306
_d4306